|
|
|
|
| LEADER |
04213nam a2200553 4500 |
| 001 |
978-981-10-7656-5 |
| 003 |
DE-He213 |
| 005 |
20191026102147.0 |
| 007 |
cr nn 008mamaa |
| 008 |
171223s2018 si | s |||| 0|eng d |
| 020 |
|
|
|a 9789811076565
|9 978-981-10-7656-5
|
| 024 |
7 |
|
|a 10.1007/978-981-10-7656-5
|2 doi
|
| 040 |
|
|
|d GrThAP
|
| 050 |
|
4 |
|a TK7895.M5
|
| 072 |
|
7 |
|a UYF
|2 bicssc
|
| 072 |
|
7 |
|a COM011000
|2 bisacsh
|
| 072 |
|
7 |
|a UYF
|2 thema
|
| 082 |
0 |
4 |
|a 004.1
|2 23
|
| 245 |
1 |
0 |
|a Silicon Photonics & High Performance Computing
|h [electronic resource] :
|b Proceedings of CSI 2015 /
|c edited by Anurag Mishra, Anirban Basu, Vipin Tyagi.
|
| 250 |
|
|
|a 1st ed. 2018.
|
| 264 |
|
1 |
|a Singapore :
|b Springer Singapore :
|b Imprint: Springer,
|c 2018.
|
| 300 |
|
|
|a XIII, 138 p. 85 illus., 70 illus. in color.
|b online resource.
|
| 336 |
|
|
|a text
|b txt
|2 rdacontent
|
| 337 |
|
|
|a computer
|b c
|2 rdamedia
|
| 338 |
|
|
|a online resource
|b cr
|2 rdacarrier
|
| 347 |
|
|
|a text file
|b PDF
|2 rda
|
| 490 |
1 |
|
|a Advances in Intelligent Systems and Computing,
|x 2194-5357 ;
|v 718
|
| 505 |
0 |
|
|a Tackling Supply Chain Management Through High Performance Computing: Opportunities and Challenges -- Energy Theft Identification in Smart Grid -- Voltage Stability Analysis for Planning and Operation of Power System -- Application of Distributed Static Series Compensator for Improvement of Power System Stability -- A Novel Transmission Power Efficient Routing in Cognitive Radio Networks Using Game Theory -- Study of Effect of Strain, Quantum Well Width and Temperature on Optical Gain in Nano-Heterostructures -- A Survey on Scheduling Algorithms for Parallel and Distributed Systems -- Analysis of On Chip Optical Source Vertical Cavity Surface Emitting Laser (VCSEL) -- Photonic Crystal Based Sensor for DNA Analysis of Cancer Detection -- Real Time QoS Performance Analysis for Multimedia Traffic in an Optical Network -- An Optimized Design of Complex Multiply-Accumulate (MAC) Unit in Quantum Dot Cellular Automata (QCA) -- Modification of L2 Learning Switch Code for Firewall Functionality in POX Controller -- Estimation Procedure of Improved High Resolution DOA of Coherent Signal Source for Underwater Applications with Existing Techniques -- Finite Element Analysis of Fiber Optic Concentric Composite Mandrel Hydrophone for Underwater Condition -- A Simulation Study of Design Parameter for Quantum Dot Based Solar Cells.
|
| 520 |
|
|
|a This book comprises selected contributions to the Computer Society of India's annual convention. Divided into 10 topical volumes, the proceedings present papers on state-of-the-art research, surveys and succinct reviews, covering diverse topics ranging from communications networks to big data analytics, and from system architecture to cyber security. This volume focuses on silicon photonics & high performance computing, offering valuable insights for researchers and students alike.
|
| 650 |
|
0 |
|a Microprocessors.
|
| 650 |
|
0 |
|a Computer software-Reusability.
|
| 650 |
|
0 |
|a Lasers.
|
| 650 |
|
0 |
|a Photonics.
|
| 650 |
|
0 |
|a Artificial intelligence.
|
| 650 |
1 |
4 |
|a Processor Architectures.
|0 http://scigraph.springernature.com/things/product-market-codes/I13014
|
| 650 |
2 |
4 |
|a Performance and Reliability.
|0 http://scigraph.springernature.com/things/product-market-codes/I12077
|
| 650 |
2 |
4 |
|a Optics, Lasers, Photonics, Optical Devices.
|0 http://scigraph.springernature.com/things/product-market-codes/P31030
|
| 650 |
2 |
4 |
|a Artificial Intelligence.
|0 http://scigraph.springernature.com/things/product-market-codes/I21000
|
| 700 |
1 |
|
|a Mishra, Anurag.
|e editor.
|4 edt
|4 http://id.loc.gov/vocabulary/relators/edt
|
| 700 |
1 |
|
|a Basu, Anirban.
|e editor.
|4 edt
|4 http://id.loc.gov/vocabulary/relators/edt
|
| 700 |
1 |
|
|a Tyagi, Vipin.
|e editor.
|4 edt
|4 http://id.loc.gov/vocabulary/relators/edt
|
| 710 |
2 |
|
|a SpringerLink (Online service)
|
| 773 |
0 |
|
|t Springer eBooks
|
| 776 |
0 |
8 |
|i Printed edition:
|z 9789811076558
|
| 776 |
0 |
8 |
|i Printed edition:
|z 9789811076572
|
| 830 |
|
0 |
|a Advances in Intelligent Systems and Computing,
|x 2194-5357 ;
|v 718
|
| 856 |
4 |
0 |
|u https://doi.org/10.1007/978-981-10-7656-5
|z Full Text via HEAL-Link
|
| 912 |
|
|
|a ZDB-2-ENG
|
| 950 |
|
|
|a Engineering (Springer-11647)
|